[Event "54th Rubinstein Memorial-A 2018"]
[Site "Polanica-Zdroj"]
[Date "2018.08.19"]
[Round "2"]
[White "Mika, Tomasz"]
[Black "Lewtak, Damian"]
[Result "0-1"]
[WhiteElo "2120"]
[BlackElo "2369"]
[Annotator "NA"]
[PlyCount "60"]
[EventDate "2018.08.18"]
[EventType "swiss"]
[EventCountry "POL"]
[SourceTitle "playchess.com"]
[Source "ChessBase"]
[SourceQuality "1"]
[TimeControl "40/5400+30:1800+30"]

1. c4 {[%emt 0:00:00]} Nf6 {[%emt 0:00:00]} 2. Nf3 {[%emt 0:00:19]} g6 {[%emt 0:00:00]} 3. d4 {[%emt 0:00:30]} Bg7 {[%emt 0:00:00]} 4. Nc3 {[%emt 0:00:06]} d6 {[%emt 0:06:17]} 5. e4 {[%emt 0:00:09]} O-O {[%emt 0:00:08]} 6. Be2 {[%emt 0:00:17]} e5 {[%emt 0:00:14]} 7. Be3 {[%emt 0:05:02]} Ng4 {[%emt 0:07:31]} 8. Bg5 {[%emt 0:00:14]} f6 {[%emt 0:00:08]} 9. Bh4 {[%emt 0:01:58]} Nc6 {[%emt 0:02:17]} 10. d5 {[%emt 0:01:56]} Ne7 {[%emt 0:00:53]} 11. h3 {[%emt 0:00:59] E92: Königsindisch (Klassisches System)} (11. O-O g5 12. Bg3 h5 13. Nd2 f5 14. exf5 Nxf5 15. Nde4 Ngh6 16. Bxh5 g4 17. Bg6 Ne7 18. Bh5 Nef5 19. Bg6 Ne7 20. Bh5 Nef5 {½-½ (20) Ibrahimov,R (2518)-Amin,B (2689) Riadh 2017}) 11... Nh6 $1 {[%emt 0:00:07]} 12. g4 {[%emt 0:00:15]} Nf7 {[%emt 0:03:59] LiveBook: 7 Games} 13. Qd2 {[%emt 0:02:12]} c5 {[%emt 0:00:42]} 14. dxc6 $146 {[%emt 0:01:14]} ({Vorgänger:} 14. Nh2 Bh6 15. Qc2 Kg7 16. Nf1 Bd7 17. Ne3 a6 {½-½ (41) Savon,V-Doroshkievich,V Riga (Latvia) 1970}) 14... bxc6 {[%emt 0:00:06]} 15. O-O-O {[%emt 0:03:35]} Be6 {[%emt 0:01:08]} 16. Kb1 {[%emt 0:00:38]} Rb8 {[%emt 0:01:28]} 17. Ne1 {[%emt 0:01:09]} Qb6 {[%emt 0:03:26]} (17... c5 $17) 18. Ng2 {[%emt 0:01:12]} d5 {[%emt 0:02:44]} ({Black should try} 18... Qc5 $15) 19. Na4 {[%emt 0:05:04]} ({Schwächer ist} 19. exd5 cxd5 20. f4 Rfd8 $17) 19... Qc7 {[%emt 0:01:51]} ({But not} 19... Qb4 $6 20. Qxb4 Rxb4 21. Nc5 $16) 20. Nc5 {[%emt 0:02:10]} Bc8 {[%emt 0:00:18]} 21. cxd5 {[%emt 0:01:34]} cxd5 {[%emt 0:00:08]} 22. Rc1 $11 {[%emt 0:00:21]} Bh6 23. f4 {[%emt 0:03:47]} exf4 {[%emt 0:06:14]} 24. g5 {[%emt 0:13:41]} fxg5 {[%emt 0:00:29]} 25. Bf2 {[%emt 0:01:07]} f3 {[%emt 0:05:21]} 26. Bxf3 {[%emt 0:00:39]} g4 {[%emt 0:03:22]} 27. Be3 {[%emt 0:00:25]} gxf3 {[%emt 0:01:55]} 28. Bxh6 {[%emt 0:00:19]} fxg2 {[%emt 0:00:51]} 29. Ne6 {[%emt 0:05:08]} gxh1=Q {[%emt 0:03:26]} 30. Rxh1 {[%emt 0:00:53]} Bxe6 {[%emt 0:00:08]} 0-1

[Event "54th Rubinstein Memorial-A 2018"]
[Site "Polanica-Zdroj"]
[Date "2018.08.19"]
[Round "2"]
[White "Bielinski, Dariusz"]
[Black "Kucza, Karol"]
[Result "1/2-1/2"]
[WhiteElo "2100"]
[BlackElo "2342"]
[Annotator "NA"]
[PlyCount "86"]
[EventDate "2018.08.18"]
[EventType "swiss"]
[EventCountry "POL"]
[SourceTitle "playchess.com"]
[Source "ChessBase"]
[SourceQuality "1"]
[TimeControl "40/5400+30:1800+30"]

1. Nf3 {[%emt 0:00:00]} d5 {[%emt 0:00:00]} 2. e3 {[%emt 0:00:00]} Nf6 {[%emt 0:00:49]} 3. c4 {[%emt 0:00:02]} e6 {[%emt 0:01:05]} 4. Nc3 {[%emt 0:00:11]} Bd6 {[%emt 0:01:00]} 5. b3 {[%emt 0:00:56]} O-O {[%emt 0:00:11]} 6. Bb2 {[%emt 0:00:46]} a6 {[%emt 0:03:00]} 7. d4 {[%emt 0:02:26]} b6 {[%emt 0:00:36]} 8. cxd5 {[%emt 0:04:03]} exd5 {[%emt 0:00:21]} 9. Ne5 {[%emt 0:00:26]} Re8 {[%emt 0:12:26]} 10. f4 {[%emt 0:02:03]} c5 {[%emt 0:04:29]} 11. Be2 {[%emt 0:23:01]} b5 $11 {[%emt 0:05:53]} 12. O-O Bb7 {[%emt 0:04:59]} 13. Bf3 {[%emt 0:08:15]} Nbd7 {[%emt 0:04:16]} 14. Qd2 {[%emt 0:14:02]} Rc8 {[%emt 0:06:27]} 15. Rfe1 {[%emt 0:18:40]} Qc7 {[%emt 0:13:17]} 16. Rac1 {[%emt 0:07:54]} c4 {[%emt 0:00:34]} 17. Ne2 {[%emt 0:05:08]} Nb6 {[%emt 0:03:14]} 18. Bc3 {[%emt 0:03:45]} Ba3 {[%emt 0:14:43]} 19. Rb1 {[%emt 0:02:43]} Qd6 {[%emt 0:06:02]} 20. Ba5 {[%emt 0:01:05]} b4 {[%emt 0:00:34]} 21. Bxb6 {[%emt 0:01:37]} c3 {[%emt 0:00:49]} 22. Qc2 {[%emt 0:00:10]} Qxb6 {[%emt 0:00:05]} 23. Ng3 {[%emt 0:00:49]} Qd8 {[%emt 0:01:41]} 24. Be2 {[%emt 0:00:43]} Rc7 {[%emt 0:01:26]} 25. Bd3 {[%emt 0:00:07]} h6 {[%emt 0:02:35]} 26. Rf1 {[%emt 0:00:20]} a5 {[%emt 0:03:53]} 27. Rbe1 {[%emt 0:00:36]} Ne4 {[%emt 0:00:31]} 28. Nxe4 {[%emt 0:01:01]} dxe4 {[%emt 0:00:06]} 29. Bc4 {[%emt 0:00:34]} Bd5 {[%emt 0:00:05]} 30. Rd1 {[%emt 0:02:08]} f6 {[%emt 0:00:05]} 31. Bxd5+ {[%emt 0:00:09]} Qxd5 {[%emt 0:00:02]} 32. Nc4 {[%emt 0:00:11]} a4 {[%emt 0:02:34]} 33. Rb1 {[%emt 0:01:39]} axb3 {[%emt 0:00:08]} 34. axb3 {[%emt 0:00:05]} Rxc4 {[%emt 0:00:16]} 35. bxc4 {[%emt 0:00:01]} Qxc4 {[%emt 0:00:04]} 36. Rfd1 {[%emt 0:00:45]} Qd5 {[%emt 0:02:50]} 37. Rb3 {[%emt 0:00:23]} Rc8 {[%emt 0:00:44]} 38. h3 {[%emt 0:00:18]} f5 {[%emt 0:00:27]} 39. Kh2 {[%emt 0:00:16]} h5 {[%emt 0:03:46]} 40. h4 {[%emt 0:00:00]} Kh7 {[%emt 0:00:00]} 41. Rdb1 {[%emt 0:01:37]} Qc4 {[%emt 0:05:04]} 42. Rd1 {[%emt 0:00:13]} Rd8 {[%emt 0:00:25]} 43. Kh3 {[%emt 0:00:19]} Rd7 {[%emt 0:02:15]} 1/2-1/2

[Event "54th Rubinstein Memorial-A 2018"]
[Site "Polanica-Zdroj"]
[Date "2018.08.19"]
[Round "2"]
[White "Betkowski, Andrzej"]
[Black "Psyk, Radoslaw"]
[Result "1-0"]
[WhiteElo "2041"]
[BlackElo "2304"]
[Annotator "NA"]
[PlyCount "70"]
[EventDate "2018.08.18"]
[EventType "swiss"]
[EventCountry "POL"]
[SourceTitle "playchess.com"]
[Source "ChessBase"]
[SourceQuality "1"]
[TimeControl "40/5400+30:1800+30"]

1. e4 {[%emt 0:00:00]} Nf6 {[%emt 0:00:23]} 2. e5 {[%emt 0:00:00]} Nd5 {[%emt 0:00:09]} 3. d4 {[%emt 0:00:06]} d6 {[%emt 0:00:10]} 4. c4 {[%emt 0:00:23]} Nb6 {[%emt 0:00:12]} 5. exd6 {[%emt 0:00:20]} exd6 {[%emt 0:00:12]} 6. Nc3 {[%emt 0:00:43]} Be7 {[%emt 0:00:04]} 7. h3 {[%emt 0:00:55]} O-O {[%emt 0:00:25]} 8. Nf3 {[%emt 0:00:21]} Bf6 {[%emt 0:02:41]} 9. Be3 {[%emt 0:02:09]} Be6 {[%emt 0:10:41]} 10. b3 {[%emt 0:03:40]} d5 {[%emt 0:00:10]} 11. c5 {[%emt 0:01:11]} Nc8 {[%emt 0:00:12]} 12. Rc1 {[%emt 0:08:36]} Nc6 {[%emt 0:07:04]} 13. Be2 {[%emt 0:06:08]} N8e7 {[%emt 0:15:42]} 14. g4 $11 {[%emt 0:04:32]} Ng6 {[%emt 0:04:47]} 15. b4 {[%emt 0:24:08]} Nxb4 {[%emt 0:18:16]} 16. Qb3 {[%emt 0:02:37]} Nc6 {[%emt 0:00:23]} 17. g5 {[%emt 0:12:12]} Be7 {[%emt 0:00:50]} 18. Qxb7 {[%emt 0:00:20]} Na5 {[%emt 0:00:22]} 19. Qb1 {[%emt 0:02:21]} Rb8 {[%emt 0:04:24]} 20. Qd3 {[%emt 0:09:12]} Nc4 {[%emt 0:03:30]} 21. h4 {[%emt 0:00:26]} Re8 {[%emt 0:04:06]} 22. h5 {[%emt 0:04:51]} Nf8 {[%emt 0:00:05]} 23. Rg1 {[%emt 0:05:43]} Qd7 {[%emt 0:03:33]} 24. Ne5 {[%emt 0:01:36]} Nxe5 {[%emt 0:00:29]} 25. dxe5 {[%emt 0:00:03]} Red8 {[%emt 0:00:52]} 26. Bd4 {[%emt 0:01:55]} Bf5 {[%emt 0:00:45]} 27. Qe3 {[%emt 0:02:10]} Ne6 {[%emt 0:00:48]} 28. Bf3 {[%emt 0:07:18]} c6 {[%emt 0:01:51]} 29. Ne2 {[%emt 0:01:19]} Rb4 {[%emt 0:02:44]} 30. Bh1 {[%emt 0:00:42]} Rc4 {[%emt 0:03:32]} 31. f4 {[%emt 0:00:43]} Nxd4 {[%emt 0:00:11]} 32. Nxd4 {[%emt 0:00:40]} Bxc5 {[%emt 0:00:12]} 33. Rd1 {[%emt 0:01:46]} Qb7 {[%emt 0:01:30]} 34. g6 {[%emt 0:00:53]} Qb4+ {[%emt 0:00:11]} 35. Kf1 {[%emt 0:00:31]} Rxd4 {[%emt 0:00:31]} 1-0

[Event "54th Rubinstein Memorial-A 2018"]
[Site "Polanica-Zdroj"]
[Date "2018.08.19"]
[Round "2"]
[White "Kaminski, Jan"]
[Black "Bukojemski, Adam"]
[Result "0-1"]
[WhiteElo "2026"]
[BlackElo "2233"]
[Annotator "NA"]
[PlyCount "114"]
[EventDate "2018.08.18"]
[EventType "swiss"]
[EventCountry "POL"]
[SourceTitle "playchess.com"]
[Source "ChessBase"]
[SourceQuality "1"]
[TimeControl "40/5400+30:1800+30"]

1. e4 {[%emt 0:00:00]} c5 {[%emt 0:00:00]} 2. Nf3 {[%emt 0:00:00]} e6 {[%emt 0:00:00]} 3. b3 {[%emt 0:00:00]} b6 {[%emt 0:00:19]} 4. d4 {[%emt 0:00:06]} cxd4 {[%emt 0:00:37]} 5. Bb2 {[%emt 0:00:07]} Bb7 {[%emt 0:00:36]} 6. Bd3 {[%emt 0:00:06]} Nc6 {[%emt 0:05:57]} 7. Nxd4 {[%emt 0:01:48]} Nf6 {[%emt 0:00:54]} 8. Nxc6 {[%emt 0:02:24]} Bxc6 {[%emt 0:00:21]} 9. Nd2 {[%emt 0:00:30]} d5 {[%emt 0:16:55]} 10. e5 {[%emt 0:02:16]} Nd7 {[%emt 0:01:11]} 11. O-O {[%emt 0:04:53]} Qc7 {[%emt 0:07:07]} 12. f4 {[%emt 0:04:31]} Bc5+ $14 {[%emt 0:11:14]} 13. Kh1 {[%emt 0:00:08]} O-O-O {[%emt 0:00:20]} 14. Qe2 Nf8 {[%emt 0:05:01]} 15. a4 {[%emt 0:12:43]} g5 {[%emt 0:03:12]} 16. fxg5 {[%emt 0:12:13]} Ng6 {[%emt 0:01:54]} 17. Rf6 {[%emt 0:03:00]} h6 {[%emt 0:05:25]} 18. Bxg6 {[%emt 0:11:21]} fxg6 {[%emt 0:00:02]} 19. Nf3 {[%emt 0:11:11]} d4 {[%emt 0:01:28]} 20. Rxg6 {[%emt 0:01:18]} hxg5 {[%emt 0:00:43]} 21. Nxg5 {[%emt 0:02:07]} Rdg8 {[%emt 0:05:25]} 22. Rxg8+ {[%emt 0:01:32]} Rxg8 {[%emt 0:00:01]} 23. Nf3 {[%emt 0:01:56]} Rg4 {[%emt 0:07:11]} 24. Rd1 {[%emt 0:02:39]} Re4 {[%emt 0:03:11]} 25. Qf1 {[%emt 0:04:05]} Rg4 {[%emt 0:02:50]} 26. Rd2 {[%emt 0:04:47]} Qh7 {[%emt 0:01:36]} 27. Qd3 {[%emt 0:03:04]} Be4 {[%emt 0:02:48]} 28. Qe2 {[%emt 0:02:26]} Qf5 {[%emt 0:01:06]} 29. Rd3 {[%emt 0:07:08]} Bxd3 {[%emt 0:03:54]} 30. cxd3 {[%emt 0:00:02]} Qf7 {[%emt 0:01:58]} 31. h3 {[%emt 0:01:01]} Rf4 {[%emt 0:01:41]} 32. Bc1 {[%emt 0:02:42]} Rf5 {[%emt 0:00:01]} 33. Bd2 {[%emt 0:00:19]} a5 {[%emt 0:00:22]} 34. Qe4 {[%emt 0:00:18]} Qb7 {[%emt 0:00:13]} 35. Qxb7+ {[%emt 0:01:12]} Kxb7 {[%emt 0:00:01]} 36. Be1 {[%emt 0:00:18]} Kc6 {[%emt 0:00:25]} 37. Bf2 {[%emt 0:00:16]} Kd5 {[%emt 0:00:13]} 38. Kg1 {[%emt 0:00:48]} Rf8 {[%emt 0:00:16]} 39. Kf1 {[%emt 0:00:17]} b5 {[%emt 0:00:22]} 40. axb5 {[%emt 0:00:00]} Rb8 {[%emt 0:00:00]} 41. g4 {[%emt 0:04:31]} Rxb5 {[%emt 0:00:39]} 42. Nd2 {[%emt 0:00:01]} Kxe5 {[%emt 0:05:58]} 43. Bg3+ {[%emt 0:00:17]} Kd5 {[%emt 0:01:04]} 44. h4 {[%emt 0:02:53]} Bb4 {[%emt 0:00:47]} 45. Nc4 {[%emt 0:01:21]} Be7 {[%emt 0:01:00]} 46. Ke2 {[%emt 0:00:38]} Rxb3 {[%emt 0:00:29]} 47. Nxa5 {[%emt 0:00:18]} Rb2+ {[%emt 0:00:11]} 48. Kf3 {[%emt 0:03:39]} Rd2 {[%emt 0:00:18]} 49. g5 {[%emt 0:00:04]} Rxd3+ {[%emt 0:00:11]} 50. Kg4 {[%emt 0:00:02]} Ra3 {[%emt 0:02:30]} 51. Nb7 {[%emt 0:00:30]} Kc6 {[%emt 0:00:35]} 52. g6 {[%emt 0:01:20]} Kxb7 {[%emt 0:00:45]} 53. g7 {[%emt 0:01:43]} Ra8 {[%emt 0:00:01]} 54. h5 {[%emt 0:00:18]} Bf6 {[%emt 0:00:21]} 55. h6 {[%emt 0:00:04]} Rg8 {[%emt 0:00:16]} 56. Kf3 {[%emt 0:00:27]} Bxg7 {[%emt 0:00:31]} 57. hxg7 {[%emt 0:00:09]} Rxg7 {[%emt 0:00:01]} 0-1

[Event "54th Rubinstein Memorial-A 2018"]
[Site "Polanica-Zdroj"]
[Date "2018.08.20"]
[Round "3"]
[White "Shishkin, Vadim"]
[Black "Banaszkiewicz, Mikolaj"]
[Result "1-0"]
[WhiteElo "2461"]
[BlackElo "1984"]
[Annotator "TA"]
[PlyCount "57"]
[EventDate "2018.08.18"]
[EventType "swiss"]
[EventCountry "POL"]
[SourceTitle "playchess.com"]
[Source "ChessBase"]
[SourceQuality "1"]

{[%evp 24,57,27,13,50,37,47,52,76,68,72,76,80,55,116,66,126,136,128,129,211,212,293,246,510,518,642,628,29978,1180,29997,864,840,843,839,831]} 1. d4 Nf6 2. c4 e6 3. Nc3 Bb4 4. Qc2 Nc6 5. Nf3 d6 6. Bd2 O-O 7. a3 Bxc3 8. Bxc3 Qe7 9. e3 a5 10. Be2 {E33: Nimzoindisch (4.Dc2)} a4 (10... e5 11. dxe5 dxe5 12. h3 Rd8 13. O-O e4 14. Nd4 Nxd4 15. Bxd4 c5 16. Bc3 a4 17. f4 Bd7 {1-0 (41) Wojtaszek,R (2736)-Nisipeanu,L (2683) Dortmund 2017 CBM 180 [Krasenkow,M]}) 11. O-O e5 12. d5 Nb8 13. Nd2 {[#] LiveBook: 6 Partien} Nfd7 $146 ({Vorgänger:} 13... Nbd7 14. Rae1 e4 15. f3 exf3 16. Nxf3 Ne4 17. Bd4 Ndc5 {0-1 (85) Saduakassova,D (2449)-Jumabayev,R (2614) Almaty 2017}) 14. Bd3 h6 15. f4 Nc5 16. fxe5 dxe5 17. Bh7+ Kh8 18. Bf5 Nbd7 (18... Bxf5 $14 19. Rxf5 (19. Qxf5 Nbd7 $11) 19... f6) 19. Nf3 e4 (19... b6 $14) 20. Nd2 $16 Re8 21. Rf4 Kg8 (21... Ne5 $16) 22. Raf1 $18 Nf8 {Schwarz hofft, mit ...Lxf5 fortzusetzen.} 23. Bxe4 f5 $2 (23... f6 24. R1f3 Ra6) 24. Bxf5 Qxe3+ 25. Kh1 Nb3 {[#]} 26. Bg6 (26. Bh7+ $142 $1 {[%mdl 512]} Nxh7 27. Qg6 Nd4 28. Bxd4 Re7 29. Bxe3 Ra6 30. Qg3 Rf6 31. Rxf6 Nxf6 32. Rxf6) 26... Nxd2 {[#]} 27. Bxd2 (27. Rxf8+ $142 $1 {[%mdl 512]} Rxf8 28. Bh7+ Kh8 29. Rxf8#) 27... Nxg6 28. Bxe3 Nxf4 29. Bxf4 {Precision: Weiß = 48%, Schwarz = 18%.} 1-0

[Event "54th Rubinstein Memorial-A 2018"]
[Site "Polanica-Zdroj"]
[Date "2018.08.20"]
[Round "3"]
[White "Frolov, Artur"]
[Black "Reza, Wojciech"]
[Result "0-1"]
[WhiteElo "2420"]
[BlackElo "2303"]
[Annotator "NA RC"]
[PlyCount "90"]
[EventDate "2018.08.18"]
[EventType "swiss"]
[EventCountry "POL"]
[SourceTitle "playchess.com"]
[Source "ChessBase"]
[SourceQuality "1"]
[TimeControl "40/5400+30:1800+30"]

1. e4 {[%emt 0:00:00]} c5 {[%emt 0:00:13]} 2. Nf3 {[%emt 0:00:00]} e6 {[%emt 0:00:40]} 3. d4 {[%emt 0:00:00]} cxd4 {[%emt 0:00:24]} 4. Nxd4 {[%emt 0:00:00]} Nc6 {[%emt 0:00:32]} 5. Nc3 {[%emt 0:00:43]} Qc7 {[%emt 0:00:43]} 6. Be3 {[%emt 0:01:26]} a6 {[%emt 0:00:52]} 7. Qd2 {[%emt 0:02:18]} Nf6 {[%emt 0:01:18]} 8. f3 {[%emt 0:00:16]} Be7 {[%emt 0:01:03]} 9. g4 {[%emt 0:06:35]} b5 {[%emt 0:08:33]} 10. g5 {[%emt 0:01:54]} Nxd4 {[%emt 0:03:38]} 11. Bxd4 {[%emt 0:01:58]} Nh5 {[%emt 0:00:09]} 12. Ne2 {[%emt 0:10:54]} O-O $11 {[%emt 0:12:01]} 13. Bh3 {[%emt 0:08:26]} e5 {[%emt 0:12:11]} 14. Bc3 {[%emt 0:24:04]} d5 {[%emt 0:13:01]} 15. Bxc8 {[%emt 0:00:48]} Raxc8 {[%emt 0:00:36]} 16. Qxd5 {[%emt 0:11:11]} b4 {[%emt 0:02:27]} 17. Bxe5 {[%emt 0:02:13]} Qxc2 {[%emt 0:00:18]} 18. Qb3 {[%emt 0:08:57]} Bxg5 {[%emt 0:03:04]} 19. Qxc2 {[%emt 0:02:24]} Rxc2 {[%emt 0:00:08]} 20. Nd4 {[%emt 0:06:57]} Bh4+ {[%emt 0:08:25]} 21. Kf1 {[%emt 0:03:12]} Rf2+ {[%emt 0:04:33]} 22. Kg1 {[%emt 0:00:03]} Rd2 {[%emt 0:05:34]} 23. Nb3 {[%emt 0:01:44]} Rc2 {[%emt 0:02:00]} 24. Rc1 {[%emt 0:04:11]} Rfc8 {[%emt 0:00:26]} 25. Rxc2 {[%emt 0:00:03]} Rxc2 {[%emt 0:00:05]} 26. h3 {[%emt 0:00:12]} Re2 {[%emt 0:09:51]} 27. Nd4 {[%emt 0:01:58]} Bf2+ {[%emt 0:05:19]} 28. Kf1 {[%emt 0:00:01]} Re1+ {[%emt 0:03:40]} 29. Kxf2 {[%emt 0:00:57]} Rxh1 {[%emt 0:00:06]} 30. Nc6 {[%emt 0:00:01]} f6 {[%emt 0:00:31]} 31. Bd4 {[%emt 0:01:15]} Ra1 {[%emt 0:01:22]} 32. Nxb4 {[%emt 0:00:26]} a5 {[%emt 0:00:07]} 33. Nc2 {[%emt 0:00:12]} Rxa2 {[%emt 0:01:30]} 34. Ke3 {[%emt 0:00:01]} Kf7 {[%emt 0:00:49]} 35. Kd3 {[%emt 0:01:08]} Nf4+ {[%emt 0:00:12]} 36. Kc4 {[%emt 0:00:35]} Ne2 {[%emt 0:00:48]} 37. Bc3 {[%emt 0:00:44]} a4 {[%emt 0:00:43]} 38. Kb4 {[%emt 0:00:41]} Nxc3 {[%emt 0:00:30]} 39. Kxc3 {[%emt 0:00:01]} g5 {[%emt 0:00:15]} 40. Na3 {[%emt 0:00:00]} h5 {[%emt 0:00:00]} 41. Kc2 {[%emt 0:00:32]} Ra1 {[%emt 0:01:03]} 42. Kc3 {[%emt 0:00:58]} Rf1 {[%emt 0:01:33]} 43. Kb4 {[%emt 0:00:02]} Rxf3 {[%emt 0:00:25]} 44. Kxa4 {[%emt 0:00:01]} g4 {[%emt 0:00:55]} 45. hxg4 {[%emt 0:00:10]} h4 {[%emt 0:00:16]} 0-1

[Event "54th Rubinstein Memorial-A 2018"]
[Site "Polanica-Zdroj"]
[Date "2018.08.20"]
[Round "3"]
[White "Sabuk, Piotr"]
[Black "Bukojemski, Adam"]
[Result "1-0"]
[WhiteElo "2377"]
[BlackElo "2233"]
[Annotator "NA"]
[PlyCount "121"]
[EventDate "2018.08.18"]
[EventType "swiss"]
[EventCountry "POL"]
[SourceTitle "playchess.com"]
[Source "ChessBase"]
[SourceQuality "1"]
[TimeControl "40/5400+30:1800+30"]

1. d4 b6 2. Nf3 Bb7 3. c4 e6 4. g3 Bb4+ 5. Bd2 Bxf3 6. exf3 Bxd2+ 7. Nxd2 d5 8. Bg2 Ne7 9. f4 O-O 10. O-O Nbc6 11. cxd5 Nxd5 12. Qa4 Nce7 13. Rac1 Qe8 14. Qa6 Qc8 15. Qc4 Qd7 16. Nf3 a6 17. Rc2 Qb5 18. Ne5 Rad8 19. Rfc1 Rd6 20. a3 Qxc4 21. Rxc4 Rfd8 22. b4 Kf8 23. R4c2 Ke8 24. Be4 g6 25. Kg2 f6 26. Nc4 Rc6 27. Kf3 Nf5 28. Bxf5 gxf5 29. h3 h5 30. Ne3 Rxc2 31. Rxc2 Kd7 32. Nxd5 exd5 33. g4 hxg4+ 34. hxg4 fxg4+ 35. Kxg4 Re8 36. Kf5 Re4 37. Rd2 Ke7 38. a4 Kd6 39. b5 axb5 40. axb5 c5 41. bxc6 Kxc6 42. f3 Re3 43. Rf2 Kb5 44. Kxf6 Kc4 45. f5 Kxd4 46. Kg7 Kc3 47. f6 d4 48. f7 Re7 49. f4 d3 50. f5 d2 51. Rxd2 Kxd2 52. f6 Rc7 53. Kg8 Rc8+ 54. f8=Q Rxf8+ 55. Kxf8 b5 56. f7 b4 57. Kg7 b3 58. f8=Q b2 59. Qb4+ Kc2 60. Qc4+ Kd2 61. Qb3 1-0

[Event "54th Rubinstein Memorial-A 2018"]
[Site "Polanica-Zdroj"]
[Date "2018.08.20"]
[Round "3"]
[White "Lewtak, Damian"]
[Black "Zaleski, Lukasz"]
[Result "1-0"]
[WhiteElo "2369"]
[BlackElo "2164"]
[Annotator "NA"]
[PlyCount "93"]
[EventDate "2018.08.18"]
[EventType "swiss"]
[EventCountry "POL"]
[SourceTitle "playchess.com"]
[Source "ChessBase"]
[SourceQuality "1"]
[TimeControl "40/5400+30:1800+30"]

1. d4 e6 2. c3 Nf6 3. Bf4 b6 4. h3 Bb7 5. Bh2 c5 6. e3 Be7 7. Nd2 O-O 8. Ngf3 d6 9. Bd3 Nbd7 10. Qe2 Qc7 11. e4 cxd4 $11 12. cxd4 e5 13. O-O Rac8 14. Nb3 Rfe8 15. d5 g6 16. a4 Bf8 17. Rfc1 Qb8 18. Qd2 Rxc1+ 19. Rxc1 Rc8 20. Ne1 Rxc1 21. Qxc1 Qc8 22. Qxc8 Bxc8 23. f3 h5 24. Bg3 Bh6 25. Nc2 Nc5 26. Nxc5 bxc5 27. Bf2 Bd2 28. Kf1 Bd7 29. Ke2 Ba5 30. b3 Ne8 31. Na3 Kf8 32. Bb5 Ke7 33. Kd3 Nc7 34. Bh4+ Ke8 35. Bc6 Na6 36. Kc4 Nb4 37. Nb5 Nxc6 38. Nxd6+ Kf8 39. dxc6 Bxc6 40. Kxc5 Bd7 41. Nc4 Bc3 42. Bf6 Be6 43. f4 Ke8 44. Bxe5 Bxe5 45. fxe5 Kd7 46. b4 h4 47. Nd2 1-0

[Event "54th Rubinstein Memorial-A 2018"]
[Site "Polanica-Zdroj"]
[Date "2018.08.20"]
[Round "3"]
[White "Kucza, Karol"]
[Black "Bilczewski, Kacper"]
[Result "0-1"]
[WhiteElo "2342"]
[BlackElo "2089"]
[Annotator "NA"]
[PlyCount "60"]
[EventDate "2018.08.18"]
[EventType "swiss"]
[EventCountry "POL"]
[SourceTitle "playchess.com"]
[Source "ChessBase"]
[SourceQuality "1"]
[TimeControl "40/5400+30:1800+30"]

1. e4 {[%emt 0:00:00]} e6 {[%emt 0:00:30]} 2. d4 {[%emt 0:00:36]} d5 {[%emt 0:00:06]} 3. Nc3 {[%emt 0:00:07]} Nf6 {[%emt 0:00:05]} 4. e5 {[%emt 0:00:37]} Nfd7 {[%emt 0:00:06]} 5. f4 {[%emt 0:00:05]} c5 {[%emt 0:00:03]} 6. Nf3 {[%emt 0:00:06]} Nc6 {[%emt 0:00:11]} 7. Be3 {[%emt 0:00:04]} a6 {[%emt 0:00:23]} 8. Qd2 {[%emt 0:00:08]} cxd4 {[%emt 0:00:47]} 9. Nxd4 {[%emt 0:00:06]} Bc5 {[%emt 0:00:06]} 10. O-O-O {[%emt 0:00:48]} Nxd4 {[%emt 0:00:09]} 11. Bxd4 {[%emt 0:00:05]} b5 {[%emt 0:00:14]} 12. Ne4 {[%emt 0:09:32] C11: French: Classical System: 4 e5 and 4 Bg5 dxe4} Be7 {[%emt 0:04:28]} 13. Nd6+ {[%emt 0:01:26]} Bxd6 {[%emt 0:00:23]} 14. exd6 {[%emt 0:00:06]} Nf6 {[%emt 0:01:15] [#]} 15. Qb4 $146 {[%emt 0:04:26]} ({Predecessor:} 15. g4 Ne4 16. Qe3 O-O 17. Bd3 Nxd6 18. Qh3 f5 19. Rhg1 Rf7 20. gxf5 Nxf5 21. Bxf5 exf5 22. Bxg7 Rxg7 23. Rxg7+ Kxg7 24. Rg1+ Kh8 25. Qe3 {1-0 (25) Volokitin,A (2676)-Iakymov,V (2494) Kharkov 2010}) 15... Bd7 {[%emt 0:02:25]} 16. Bd3 {[%emt 0:01:31]} O-O {[%emt 0:01:47]} 17. g4 {[%emt 0:02:16]} Nxg4 {[%emt 0:05:13]} 18. Rdg1 {[%emt 0:12:40]} f5 {[%emt 0:00:15]} 19. Bxg7 {[%emt 0:00:06]} Kxg7 {[%emt 0:00:11]} 20. h3 {[%emt 0:00:05]} h5 {[%emt 0:01:42]} 21. hxg4 {[%emt 0:00:22]} hxg4 {[%emt 0:00:08]} 22. Qe1 $15 {[%emt 0:03:56]} Qf6 {[%emt 0:17:28]} 23. Kb1 {[%emt 0:08:01]} Rh8 {[%emt 0:04:04]} 24. Qa5 {[%emt 0:03:11]} Rxh1 {[%emt 0:05:00]} 25. Rxh1 {[%emt 0:00:32]} Rh8 {[%emt 0:03:10]} 26. Rxh8 {[%emt 0:09:35]} Kxh8 {[%emt 0:00:06]} 27. Qxa6 {[%emt 0:00:40]} g3 {[%emt 0:03:20]} 28. Qa8+ {[%emt 0:02:37]} Kh7 {[%emt 0:05:06]} 29. Qa7 {[%emt 0:14:58]} g2 {[%emt 0:02:41]} 30. Qg1 {[%emt 0:01:31]} Qh4 {[%emt 0:01:06]} 0-1